Diseño de una torre de caída libre para la generación de un entorno de microgravedad
Guardado en:
| Hovedforfatter: | |
|---|---|
| Andre forfattere: | , , |
| Format: | Bog |
| Sprog: | Undetermined |
| Udgivet: |
[San José, Costa Rica]
2022
|
| Fag: | |
| Tags: |
Tilføj Tag
Ingen Tags, Vær først til at tagge denne postø!
|
MARC
| LEADER | 00000nam a2200000Ia 4500 | ||
|---|---|---|---|
| 003 | 013594 | ||
| 005 | 20230414102708.0 | ||
| 008 | 140114s9999 xx 000 0 und d | ||
| 040 | |c cru CEDI | ||
| 100 | |a Carvajal Méndez, David Alonso, 1994- |9 435 | ||
| 245 | |a Diseño de una torre de caída libre para la generación de un entorno de microgravedad | ||
| 260 | |a [San José, Costa Rica] |c 2022 | ||
| 500 | |a Proyecto de graduación (licenciatura en ingeniería mecánica) --Universidad de Costa Rica. Facultad de Ingeniería. Escuela de Ingeniería Mecánica | ||
| 501 | |a Directora de Proyecto de Graduación: Mag. Leonora de Lemos Medina | ||
| 650 | |x AERODINAMICA |x GRAVEDAD | ||
| 700 | |9 437 |a Pérez Vargas, Cristian, 1993- | ||
| 700 | |9 438 |a Ramírez Díaz, Brandon Josué, 1944- | ||
| 700 | |9 436 |a De Lemos Medina, Leonora, 1977- |d Directora del TFG | ||
| 942 | |c CEDI |h TFG 8745 |6 TFG_8745_000000000000000 | ||
| 999 | |c 22097 |d 22097 | ||
